Statistics for Unova Pokédex Quiz (B2W2)

Click here to take the quiz!

General Stats

  • This quiz has been taken 210 times
  • The average score is 242 of 301

Answer Stats

HintAnswer% Correct
003Serperior
100%
002Servine
100%
001Snivy
100%
008Dewott
99%
006Emboar
99%
007Oshawott
99%
005Pignite
99%
004Tepig
99%
009Samurott
98%
000Victini
98%
010Patrat
95%
296Zekrom
95%
183Axew
94%
184Fraxure
94%
185Haxorus
94%
014Pidove
94%
295Reshiram
94%
043Venipede
94%
011Watchog
94%
023Herdier
93%
019Leavanny
93%
013Liepard`
93%
022Lillipup
93%
024Stoutland
93%
015Tranquill
93%
069Boldore
92%
225Cobalion
92%
102Darumaka
92%
070Gigalith
92%
041Panpour
92%
037Pansage
92%
039Pansear
92%
012Purrloin
92%
068Roggenrola
92%
045Scolipede
92%
017Sewaddle
92%
042Simipour
92%
038Simisage
92%
040Simisear
92%
018Swadloon
92%
226Terrakion
92%
016Unfezant
92%
044Whirlipede
92%
127Carracosta
91%
103Darmanitan
91%
273Deino
91%
101Krookodile
91%
297Kyurem
91%
200Landorus
91%
099Sandile
91%
227Virizion
91%
128Archen
90%
129Archeops
90%
147Blitzle
90%
192Chandelure
90%
180Frillish
90%
181Jellicent
90%
298Keldeo
90%
100Krokorok
90%
198Tornadus
90%
148Zebstrika
90%
036Audino
89%
144Emolga
89%
300Genesect
89%
136Gothita
89%
138Gothitelle
89%
074Gurdurr
89%
275Hydreigon
89%
191Lampent
89%
190Litwick
89%
299Meloetta
89%
199Thundurus
89%
073Timburr
89%
274Zweilous
89%
196Beartic
88%
108Cinccino
88%
159Deerling
88%
085Lilligant
88%
107Minccino
88%
084Petilil
88%
126Tirtouga
88%
177Tynamo
88%
151Zorua
88%
075Conkeldurr
87%
082Cottonee
87%
116Crustle
87%
195Cubchoo
87%
076Drilbur
87%
270Druddigon
87%
140Duosion
87%
115Dwebble
87%
178Eelektrik
87%
179Eelektross
87%
137Gothorita
87%
173Joltik
87%
155Karrablast
87%
268Sawk
87%
160Sawsbuck
87%
067Swoobat
87%
267Throh
87%
083Whimsicott
87%
066Woobat
87%
124Yamask
87%
158Accelgor
86%
110Braviary
86%
197Cryogonal
86%
153Ducklett
86%
077Excadrill
86%
174Galvantula
86%
112Mandibuzz
86%
109Rufflet
86%
157Shelmet
86%
139Solosis
86%
154Swanna
86%
105Trubbish
86%
111Vullaby
86%
152Zoroark
86%
104Basculin
85%
224Bisharp
85%
125Cofagrigus
85%
091Eevee
85%
156Escavalier
85%
095Espeon
85%
094Flareon
85%
106Garbodor
85%
098Glaceon
85%
271Golett
85%
093Jolteon
85%
131Klang
85%
130Klink
85%
132Klinklang
85%
097Leafeon
85%
034Lucario
85%
119Maractus
85%
086Munna
85%
087Musharna
85%
229Palpitoad
85%
223Pawniard
85%
141Reuniclus
85%
033Riolu
85%
230Seismitoad
85%
228Tympole
85%
096Umbreon
85%
255Vanillite
85%
092Vaporeon
85%
172Volcarona
85%
182Alomomola
84%
272Golurk
84%
171Larvesta
84%
050Magnezone
84%
118Scrafty
84%
117Scraggy
84%
120Sigilyph
84%
256Vanillish
84%
257Vanilluxe
84%
269Bouffalant
83%
026Flaaffy
83%
048Magnemite
83%
049Magneton
83%
027Ampharos
82%
176Ferrothorn
82%
025Mareep
82%
063Crobat
81%
188Elgyem
81%
175Ferroseed
81%
062Golbat
81%
071Onix
81%
072Steelix
81%
061Zubat
81%
090Clefable
80%
089Clefairy
80%
088Cleffa
80%
194Durant
80%
057Electabuzz
80%
056Elekid
80%
053Magby
80%
054Magmar
80%
055Magmortar
80%
219Mienfoo
80%
220Mienshao
80%
052Arcanine
79%
189Beheeyem
79%
262Beldum
79%
058Electivire
79%
064Grimer
79%
051Growlithe
79%
193Heatmor
79%
046Koffing
79%
264Metagross
79%
263Metang
79%
065Muk
79%
047Weezing
79%
162Amoonguss
77%
161Foongus
77%
032Azumarill
76%
031Marill
76%
059Rattata
76%
231Stunfisk
76%
240Wailmer
76%
241Wailord
76%
168Aggron
75%
166Aron
75%
030Azurill
75%
211Banette
75%
145Heracross
75%
167Lairon
75%
292Larvitar
75%
146Pinsir
75%
293Pupitar
75%
060Raticate
75%
210Shuppet
75%
294Tyranitar
75%
205Camerupt
74%
079Delcatty
74%
123Flygon
74%
029Golduck
74%
234Mantine
74%
233Mantyke
74%
204Numel
74%
028Psyduck
74%
121Trapinch
74%
122Vibrava
74%
282Jigglypuff
73%
249Ninetales
73%
203Skarmory
73%
078Skitty
73%
021Sunflora
73%
020Sunkern
73%
248Vulpix
73%
283Wigglytuff
73%
261Ditto
72%
035Dunsparce
72%
281Igglybuff
72%
243Spheal
72%
133Budew
71%
142Combee
71%
134Roselia
71%
135Roserade
71%
244Sealeo
71%
245Walrein
71%
242Lapras
70%
252Sneasel
70%
253Weavile
70%
247Altaria
69%
149Buizel
69%
209Drifblim
69%
208Drifloon
69%
150Floatzel
69%
214Lunatone
69%
215Solrock
69%
246Swablu
69%
143Vespiquen
69%
260Mamoswine
68%
259Piloswine
68%
187Seviper
68%
258Swinub
68%
217Tangela
68%
218Tangrowth
68%
186Zangoose
68%
080Buneary
67%
081Lopunny
67%
113Sandshrew
67%
114Sandslash
67%
286Yanma
67%
287Yanmega
67%
221Gligar
66%
222Gliscor
66%
236Octillery
66%
235Remoraid
66%
266Dewgong
65%
265Seel
65%
163Castform
64%
207Grumpig
64%
206Spoink
64%
239Starmie
64%
238Staryu
64%
216Absol
63%
290Croagunk
63%
291Toxicroak
63%
279Corphish
62%
280Crawdaunt
62%
254Delibird
62%
202Drapion
62%
164Nosepass
62%
165Probopass
62%
201Skorupi
62%
170Claydol
61%
285Lickilicky
61%
284Lickitung
61%
212Wingull
61%
169Baltoy
60%
213Pelipper
60%
288Tropius
59%
237Corsola
56%
278Slaking
55%
276Slakoth
55%
277Vigoroth
55%
251Bronzong
54%
250Bronzor
54%
289Carnivine
48%
232Shuckle
48%

Score Distribution

Percentile by Number Answered

Percent of People with Each Score

Your Score History

You have not taken this quiz